00519nam a22001457a 4500082001000000100003500010245013100045260002600176300000900202526001900211650001800230942001200248999001900260952009400279 aT-230 aSyed Sajjad Nasir Kazmi951404 aImpact of Post Traumatic Stress Disorder (PTSD) on the Vulnerable Groups of Nowshera Floods 2010, Khyber Pakhtunkhaw, Pakistan aRisalpur,bMCE,c2018 a97p. a0b0c0dT_230 aThesis934811 2ddccBK c554097d554097 00102ddc4070aMCEbMCEd2018-09-11l0oT-230pMCE-T-230r2018-09-11t1w2018-09-11yBK